| 000 | 01222nam a2200325Ia 4500 | ||
|---|---|---|---|
| 001 | ebr10257055 | ||
| 003 | CaPaEBR | ||
| 006 | m u | ||
| 007 | cr cn||||||||| | ||
| 008 | 050713s2005 onc s 001 0 eng d | ||
| 020 | _z9781550227529 | ||
| 020 | _z1550227130 : | ||
| 040 |
_aCaPaEBR _cCaPaEBR |
||
| 035 | _a(OCoLC)288123354 | ||
| 050 | 1 | 4 |
_aF1034.3.H37 _bM33 2005eb |
| 100 | 1 | _aMackey, Lloyd. | |
| 245 | 1 | 4 |
_aThe pilgrimage of Stephen Harper _h[electronic resource] / _cLloyd Mackey. |
| 260 |
_aToronto : _bECW Press, _cc2005. |
||
| 300 | _axxi, 221 p. | ||
| 500 | _aIncludes index. | ||
| 533 |
_aElectronic reproduction. _bPalo Alto, Calif. : _cebrary, _d2009. _nAvailable via World Wide Web. _nAccess may be limited to ebrary affiliated libraries. |
||
| 600 | 1 | 0 |
_aHarper, Stephen, _d1959- |
| 610 | 2 | 0 | _aConservative Party of Canada. |
| 610 | 1 | 0 |
_aCanada. _bParliament. _bHouse of Commons _vBiography. |
| 650 | 0 |
_aPoliticians _zCanada _vBiography. |
|
| 650 | 0 |
_aLegislators _zCanada _vBiography. |
|
| 655 | 7 |
_aElectronic books. _2local |
|
| 710 | 2 | _aebrary, Inc. | |
| 856 | 4 | 0 |
_uhttp://site.ebrary.com/lib/rucke/Doc?id=10257055 _zAn electronic book accessible through the World Wide Web; click to view |
| 999 |
_c13519 _d13519 |
||